• 首页
  • 本馆介绍
  • 公告通知
  • 最新文献
  • 馆藏检索
  • 电子资源
  • 读者导购
  • 参考咨询
  • 我的图书馆
  • 登录
  • 详细信息显示
  • 放入我的书架
  • 预约/预借图书
  • 作者相关作品
  • 分类相关作品
  • 丛书相关作品
  • 出版社相关作品

书目信息

  • 表格格式
  • 工作单格式
  • 卡片格式
题名:
胡采文学评论选
    
 
作者: 胡采 著
分册:  
出版信息: 长沙   湖南人民出版社  1983
页数: 295页
开本: 21cm
丛书名: 中国当代文学评论丛书
单 册:
中图分类: I206.7 , I06
科图分类:
主题词: 文学评论--中国--现代--文集 , 文学评论 , 文学欣赏
电子资源:
ISBN:
000 00746oam2 2200277 450
001 1534061027
005 20150126092810.12
010    @dCNY1.05
091    @a10109.1537
100    @a19950608d1983 emky0chiy0110 ea
101 0  @achi
102    @aCN@b430000
105    @ac z 000yy
200 1  @a胡采文学评论选@9hu cai wen xue ping lun xuan@f胡采著
210    @a长沙@c湖南人民出版社@d1983
215    @a295页@c照片@d21cm
225 2  @a中国当代文学评论丛书
461  0 @12001 @a中国当代文学评论丛书
606 0  @a文学评论@y中国@z现代@x文集
606 0  @a文学评论
606 0  @a文学欣赏
690    @aI206.7@v5
690    @aI06@v4
701  0 @a胡采@9hu cai@f(1913.8~2003.9)@4著
801  0 @aCN@bTSSF@c20150126
905    @aZUCC@dI06@eJY26
    
    胡采文学评论选/胡采著.-长沙:湖南人民出版社,1983
    295页:照片;21cm.-(中国当代文学评论丛书)
    
    
    ISBN :CNY1.05
    
●
相关链接 在E读中查询图书 在五车中查询图书 在当当中查询图书 在豆瓣中查询图书


正题名:胡采文学评论选     索取号:I06/JY26         预约/预借

序号 登录号 条形码 馆藏地/架位号 状态 备注
1 7842645   278426455   学院路分馆/ [索取号:I06/JY26] 在馆    
唐山师范学院图书馆 欢迎您!
大连网信软件有限公司© 版权所有